[Event "ESP-ch U14 rapid"]
[Site "Salobrena"]
[Date "2023.07.23"]
[Round "7"]
[White "Oubina Pazos, Cesar"]
[Black "Cesar Maestre, Eduardo"]
[Result "1-0"]
[WhiteElo "1565"]
[BlackElo "1783"]
[PlyCount "31"]
[EventDate "2023.07.22"]
[EventType "swiss (rapid)"]
[EventRounds "9"]
[EventCountry "ESP"]
[SourceTitle "EXT 2024"]
[Source "ChessBase"]
[SourceDate "2023.10.10"]
[SourceVersion "1"]
[SourceVersionDate "2023.10.10"]
[SourceQuality "1"]

1. e4 c5 2. Nf3 d6 3. d4 cxd4 4. Nxd4 Nf6 5. Nc3 a6 6. Bg5 e6 7. f4 Be7 8. Qf3 Nbd7 9. 0-0-0 Qc7 10. g4 b5 11. Bxf6 Nxf6 12. g5 Nd7 13. f5 e5 14. Nd5 Bxg5+ 15. Kb1 Qd8 16. Nc6 1-0

[Event "Galicia-ch U14"]
[Site "Padron"]
[Date "2023.02.18"]
[Round "1"]
[White "Oubina Pazos, Cesar"]
[Black "Vazquez Sanchez, Alvaro"]
[Result "1-0"]
[WhiteElo "1593"]
[BlackElo "1089"]
[PlyCount "55"]
[EventDate "2023.02.18"]
[EventType "swiss"]
[EventRounds "8"]
[EventCountry "ESP"]
[SourceTitle "EXT 2024"]
[Source "ChessBase"]
[SourceDate "2023.10.10"]
[SourceVersion "1"]
[SourceVersionDate "2023.10.10"]
[SourceQuality "1"]

1. e4 c5 2. Nf3 e6 3. d4 cxd4 4. Nxd4 a6 5. c4 Qc7 6. a3 Nf6 7. Nc3 Bc5 8. b4 Nc6 9. bxc5 Qa5 10. Nxc6 bxc6 11. Bd2 Qxc5 12. Be3 Qa5 13. Qd2 0-0 14. Be2 Rd8 15. e5 Qxe5 16. 0-0 Bb7 17. Rab1 Rab8 18. Bf4 Ne4 19. Nxe4 Qxe4 20. Bd3 Qd4 21. Bxh7+ Kxh7 22. Qxd4 Ra8 23. Rxb7 Rh8 24. Rxd7 Raf8 25. Be5 Rhg8 26. Qh4+ Kg6 27. Qg4+ Kh7 28. Qh5# 1-0

[Event "Galicia-ch U14"]
[Site "Padron"]
[Date "2022.02.28"]
[Round "5"]
[White "Oubina Pazos, Ricardo"]
[Black "Oubina Pazos, Cesar"]
[Result "1/2-1/2"]
[WhiteElo "1381"]
[BlackElo "1547"]
[PlyCount "52"]
[EventDate "2022.02.26"]
[EventType "swiss"]
[EventRounds "8"]
[EventCountry "ESP"]
[SourceTitle "EXT 2023"]
[Source "ChessBase"]
[SourceDate "2022.10.05"]
[SourceVersion "1"]
[SourceVersionDate "2022.10.05"]
[SourceQuality "1"]

1. e4 c5 2. Nf3 d6 3. d4 cxd4 4. Nxd4 Nf6 5. Nc3 a6 6. Bg5 e6 7. f4 Nbd7 8. Qf3 Qc7 9. 0-0-0 b5 10. e5 Bb7 11. Qh3 dxe5 12. Nxe6 fxe6 13. Qxe6+ Be7 14. Bxb5 axb5 15. Nxb5 Qc6 16. Nd6+ Kd8 17. fxe5 Kc7 18. Bxf6 gxf6 19. Qxe7 Rxa2 20. Nxb7 Ra1+ 21. Kd2 Qxg2+ 22. Ke3 Qg5+ 23. Ke2 Qg2+ 24. Ke3 Qg5+ 25. Ke2 Qg2+ 26. Ke3 Qg5+ 1/2-1/2

[Event "ESP-ch U12"]
[Site "Salobrena"]
[Date "2021.07.05"]
[Round "2"]
[White "Martinez Soriano, Pablo"]
[Black "Oubina Pazos, Cesar"]
[Result "1-0"]
[WhiteElo "1722"]
[BlackElo "1362"]
[PlyCount "51"]
[EventDate "2021.07.05"]
[EventType "swiss"]
[EventRounds "9"]
[EventCountry "ESP"]
[SourceTitle "EXT 2022"]
[Source "ChessBase"]
[SourceDate "2021.10.06"]
[SourceVersion "1"]
[SourceVersionDate "2021.10.06"]
[SourceQuality "1"]

1. e4 e5 2. Nf3 Nc6 3. Bc4 Bc5 4. c3 Nf6 5. d3 0-0 6. 0-0 d6 7. Bg5 h6 8. Be3 Bb6 9. Nbd2 Be6 10. b4 d5 11. exd5 Nxd5 12. Bxd5 Bxd5 13. Bxb6 axb6 14. b5 Ne7 15. Nxe5 Rxa2 16. Rxa2 Bxa2 17. c4 f6 18. Nef3 Qxd3 19. Qa4 g5 20. Qxa2 g4 21. Ne1 Qe2 22. Qc2 Rd8 23. Ne4 Qxc2 24. Nxc2 Rf8 25. Nd4 f5 26. Ng3 1-0

[Event "ESP-ch U12"]
[Site "Salobrena"]
[Date "2020.07.31"]
[Round "8"]
[White "Oubina Pazos, Cesar"]
[Black "Alvarez Sanchez, Mauro1111"]
[Result "0-1"]
[WhiteElo "1189"]
[BlackElo "1333"]
[PlyCount "66"]
[EventDate "2020.07.27"]
[EventType "swiss"]
[EventRounds "9"]
[EventCountry "ESP"]
[SourceTitle "EXT 2021"]
[Source "ChessBase"]
[SourceDate "2020.10.23"]
[SourceVersion "1"]
[SourceVersionDate "2020.10.23"]
[SourceQuality "1"]

1. e4 c5 2. Nf3 g6 3. d4 cxd4 4. Nxd4 Bg7 5. Nc3 Nc6 6. Nde2 Nf6 7. g3 0-0 8. Bg2 d6 9. 0-0 Be6 10. Nd5 Rc8 11. c3 Bxd5 12. exd5 Ne5 13. Nd4 Qa5 14. Qb3 Qa6 15. Re1 Rfe8 16. Be3 Nfg4 17. Bh3 Rb8 18. f4 Nxe3 19. Rxe3 Nc4 20. Bf1 Bxd4 21. cxd4 b5 22. Rc3 Nd2 23. Qc2 Nxf1 24. Kxf1 b4+ 25. Rc4 b3 26. Qc3 Rec8 27. Rc1 bxa2 28. b3 Rxc4 29. bxc4 Rc8 30. Qb2 Rxc4 31. Rxc4 Qxc4+ 32. Kf2 Qa4 33. Qa1 Qb3 0-1

[Event "ESP-ch U12"]
[Site "Salobrena"]
[Date "2020.07.29"]
[Round "5"]
[White "Sierra Pena, Mario"]
[Black "Oubina Pazos, Cesar"]
[Result "1-0"]
[WhiteElo "1335"]
[BlackElo "1189"]
[PlyCount "89"]
[EventDate "2020.07.27"]
[EventType "swiss"]
[EventRounds "9"]
[EventCountry "ESP"]
[SourceTitle "EXT 2021"]
[Source "ChessBase"]
[SourceDate "2020.10.23"]
[SourceVersion "1"]
[SourceVersionDate "2020.10.23"]
[SourceQuality "1"]

1. c4 f5 2. Nc3 Nf6 3. g3 g6 4. Bg2 Bg7 5. e3 0-0 6. Nge2 d6 7. 0-0 c6 8. d4 Nbd7 9. a3 a5 10. Qd3 e5 11. b3 e4 12. Qc2 d5 13. cxd5 Nxd5 14. Nxd5 cxd5 15. Bd2 b6 16. Qc6 Ba6 17. Qxd5+ Kh8 18. Rfe1 Ne5 19. Qxd8 Rfxd8 20. Nf4 Nd3 21. Nxd3 Bxd3 22. Rec1 Rac8 23. Bf1 Rc2 24. Rxc2 Bxc2 25. b4 axb4 26. Bxb4 Bf8 27. Bxf8 Rxf8 28. Bb5 Ra8 29. a4 Bd3 30. Bxd3 exd3 31. Kf1 Rc8 32. Rd1 Rc3 33. Rd2 Kg7 34. f3 Rc1+ 35. Kf2 Rc2 36. Ke1 Rc3 37. e4 Kf6 38. Kf2 Rc4 39. Rxd3 Rxa4 40. h4 b5 41. Ke3 b4 42. Kf4 Ra3 43. Rd2 h6 44. e5+ Ke6 45. d5+ 1-0

[Event "Galicia-ch U14"]
[Site "Padron"]
[Date "2020.02.22"]
[Round "1"]
[White "Del Prado Rodriguez, Xulio"]
[Black "Oubina Pazos, Cesar"]
[Result "1-0"]
[WhiteElo "2102"]
[BlackElo "1208"]
[PlyCount "55"]
[EventDate "2020.02.22"]
[EventType "swiss"]
[EventRounds "8"]
[EventCountry "ESP"]
[SourceTitle "EXT 2023"]
[Source "ChessBase"]
[SourceDate "2022.10.05"]
[SourceVersion "1"]
[SourceVersionDate "2022.10.05"]
[SourceQuality "1"]

1. d4 Nf6 2. c4 g6 3. Nc3 Bg7 4. e4 d6 5. Nf3 0-0 6. Be2 Nbd7 7. 0-0 b6 8. Qc2 Bb7 9. Rd1 e6 10. h3 d5 11. e5 Ne4 12. cxd5 exd5 13. Nxe4 dxe4 14. Ng5 h6 15. Nxe4 Re8 16. Bf3 Rb8 17. Bf4 Bxe4 18. Bxe4 Rc8 19. Bb7 Rb8 20. Bc6 Re7 21. b4 b5 22. a4 a6 23. axb5 axb5 24. Ra5 Rb6 25. Rxb5 Rxc6 26. Qxc6 Nxe5 27. Bxe5 Bxe5 28. Ra5 1-0